000 00323nam a2200133Ia 4500
005 20260326235459.0
008 260326s9999||||xx |||||||||||||| ||und||
100 _aCannon-Brookes, P.C.
245 0 _aBaroque churches /
_cP.C. Cannon-Brookes
260 _bHamlyn
300 _a189 p.
650 _aARQUITECTURA
942 _cBK
999 _c8011
_d8011